000 00432cam a2200169ua 4500
020 _c1200.00
041 _aeng
_h
082 _a631.875
_bSOM/VE
100 _aSomani, L L .
245 _aVermicomposting and vermiwash /
_cL L Somani.
_hTextual Documents
260 _aUdaypur :
_bAgro-tech publishing academy ,
_c2008.
300 _a424 ; .
365 _a1200.00
504 _a
942 _cBK
999 _c13370
_d13370